Mission from the Underside: Transforming Theological Education in Asia (Record no. 20907)

MARC details
000 -LEADER
fixed length control field 00327nam a22001217a 4500
082 ## - DEWEY DECIMAL CLASSIFICATION NUMBER
Classification number 227.8 POH
100 ## - MAIN ENTRY--AUTHOR NAME
Author name Po Ho, Huang
245 ## - TITLE STATEMENT
Title Mission from the Underside: Transforming Theological Education in Asia
260 ## - PUBLICATION, DISTRIBUTION, ETC. (IMPRINT)
Place of publication Bangalore
Name of publisher PTCA/SATHRI/SCEPTRE
Year of publication 2010
300 ## - PHYSICAL DESCRIPTION
Number of Pages 248
650 ## - SUBJECT ADDED ENTRY--TOPICAL TERM
Topical Term Theological education
942 ## - ADDED ENTRY ELEMENTS (KOHA)
Koha item type Books
Holdings
Home library Current library Shelving location Date acquired Full call number Accession Number Koha item type
Henry Martyn Institute Library Henry Martyn Institute Library General stacks 04/13/2018 227.8 POH 11003259 Books
                   Copyright © 2026 | Henry Martyn Institute | Hyderabad | TS-500052 | INDIA | Implemented by hmi.edu.in
Hit-Count:

Powered by Koha